Founders of historical States #2 - Statistics

General Stats
  • This quiz has been taken 15 times
  • The average score is 2 of 10
Answer Stats
Hint Answer % Correct
Russian Empire Ivan III.
93%
French Kingdom Clovis I.
43%
Kievan Rus‘ Rurik
36%
Austro-Hungarian Empire Franz Joseph I.
21%
Kingdom of England Aethelstan(Æthelstan)
7%
Abbasid Caliphate Abu Muslim
0%
Inca Empire Manco Cápac
0%
Hannibal‘s Carthaginian Empire Phoenicians
0%
Chola Dynasty Vijayalaya Chola
0%
Ming Dynasty Zhu Yuanzhang
0%
No matching quizzes found
Score Distribution
Percent of People with Each Score
Percentile by Number Answered
Your Score History
You have not taken this quiz